00919 2200217 4500001002100000005001500021035002000036007000300056008004100059020001800100082001100118084001700129100001600146245003700162250001300199260003600212300002100248700001500269520040100284990001600685INLIS00000000000015420260526015238 a0010-0526000042ta260526 0 ind  a9786024202088 a297.54 a297.54 IWO a0 aIwok Abqary1 aAsma Yang Mandiri /cIwok Abqary aCet. III aBandung :bMizan Pustaka,c2017 a20 hlm. :bIlus.0 aM. Isnaeni aBuku Asma Itu Buku Anak merupakan bacaan anak yang disajikan dengan bahasa sederhana dan ilustrasi menarik. Cerita dalam buku ini mengangkat kehidupan dan pengalaman tokoh anak bernama Asma yang penuh keceriaan serta nilai-nilai positif. Buku ini bertujuan menanamkan karakter baik seperti mandiri, rajin, sopan, dan peduli terhadap sesama sehingga cocok dibaca oleh anak-anak usia sekolah dasar. a00000000182